Wszystkie kości człowieka na modelu - Statystyki

Ogólne statystyki
  • Ten quiz został rozwiązany 1 979 razy
    1 955 od ostatniego zresetowania
  • Średni wynik to 21 z 58
Odpowiedzi na mapie
Odpowiedzi zakodowano w zielono-czerwonej skali na mapie do tego quizu, zgodnie z poniższymi procentami.
 
Statystyki odpowiedzi
Lokalizacja Odpowiedź % Poprawnych
Klatka piersiowa Żebra
89%
Noga Kość udowa
86%
Miednica Kość miedniczna
83%
Obręcz barkowa Obojczyk
77%
Noga Kość piszczelowa
76%
Twarzoczaszka Żuchwa
76%
Klatka piersiowa Mostek
71%
Mózgoczaszka Kość potyliczna
70%
Mózgoczaszka Kość czołowa
66%
Ręka Kość ramienna
64%
Noga Kość strzałkowa
64%
Mózgoczaszka Kość skroniowa
61%
Obręcz barkowa Łopatka
60%
Twarzoczaszka Kość nosowa
58%
Kręgosłup Odcinek szyjny kręgosłupa
55%
Noga Rzepka
55%
Twarzoczaszka Kość szczękowa
54%
Kosteczki słuchowe Kowadełko
52%
Stopa Kości śródstopia
50%
Kosteczki słuchowe Młoteczek
50%
Kręgosłup Odcinek lędźwiowy kręgosłupa
50%
Ręka Kość promieniowa
49%
Mózgoczaszka Kość ciemieniowa
48%
Kosteczki słuchowe Strzemiączko
42%
Kręgosłup Odcinek piersiowy kręgosłupa
41%
Ręka Kość łokciowa
40%
Dłoń Kości śródręcza
35%
Twarzoczaszka Kość jarzmowa
34%
Kręgosłup Kość krzyżowa
31%
Kręgosłup Kość guziczna
23%
Kości stępu Kość piętowa
22%
Mózgoczaszka Kość klinowa
20%
Nadgarstek Kość łódeczkowata
16%
Nadgarstek Kość księżycowata
15%
Dłoń Paliczki bliższe
15%
Stopa Paliczki bliższe
15%
Dłoń Paliczki dalsze
15%
Stopa Paliczki dalsze
15%
Dłoń Paliczki środkowe
15%
Stopa Paliczki środkowe
15%
Twarzoczaszka Kość łzowa
14%
Mózgoczaszka Kość sitowa
14%
Kości stępu Kość skokowa
14%
Nadgarstek Kość haczykowata
13%
Nadgarstek Kość trójgraniasta
13%
Nadgarstek Kość grochowata
12%
Nadgarstek Kość główkowata
11%
Twarzoczaszka Kość gnykowa
11%
Kości stępu Kość łódkowata
11%
Nadgarstek Kość czworoboczna mniejsza
10%
Nadgarstek Kość czworoboczna większa
10%
Twarzoczaszka Lemiesz
10%
Twarzoczaszka Kość podniebienna
8%
Kości stępu Kość sześcienna
8%
Kości stępu Kość klinowata boczna
7%
Kości stępu Kość klinowata przyśrodkowa
7%
Kości stępu Kość klinowata pośrednia
6%
Twarzoczaszka Małżowina nosowa dolna
6%
Nie znaleziono quizów pasujących do podanych kryteriów
Rozkład punktacji
Procent ludzi z każdym wynikiem
Percentyl według liczby udzielonych odpowiedzi
Twoja historia wyników
Nie rozwiązałeś tego quizu od ostatniego zresetowania